[Event "Reggio Emilia 41th"]
[Site "Reggio Emilia "]
[Date "1999.01.04"]
[Round "8"]
[White "Efimov, Igor"]
[Black "Drei, Andrea"]
[Result "0-1"]
[WhiteElo "2530"]
[BlackElo "2340"]
[Annotator "Ribli,Z"]
[PlyCount "68"]
[EventDate "1998.12.28"]
[EventType "tourn"]
[EventRounds "9"]
[EventCountry "ITA"]
[EventCategory "8"]
[SourceTitle "CBM 069"]
[Source "ChessBase"]
[SourceDate "1999.04.01"]
[SourceVersion "1"]
[SourceVersionDate "1999.04.01"]
[SourceQuality "1"]

1. e4 c5 2. Nf3 e6 3. d4 cxd4 4. Nxd4 Nc6 5. Nc3 Qc7 6. g3 a6 7. Bg2 Nf6 8. O-O
Bc5 {Eine heutzutage sehr populäre Fortsetzung. Der schwarze Laufer verläßt
den Königsflügel´und besetzt die Diagonale a7-g1, was gewöhnlich zu scharfem
Spiel führt. Ribli.} 9. Nxc6 dxc6 10. Na4 Ba7 {[%csl Ga7][%cal Ga7g1]} (10...
Be7 $6 11. Be3 $14 {[%csl Yb6]}) 11. c4 {Die positionelle weiße Drohung ist 12.
c5, um den Läufer auf a7 einzuschränken.} Nd7 {Das ist die beste Möglichkeit.
Schwarz verhindert 12.c5.} (11... b5 $6 12. e5 Nd7 13. cxb5 axb5 14. Nc3 Ba6
15. Ne4 O-O 16. Bf4 Nxe5 17. Qc2 $1 $44 {Weiß hat einen Bauern weniger, aber
seine Stellung ist aktiv. Ich denke, er hat mehr als ausreichende Kompensation
für das Material.}) 12. Qg4 {[#]Eine logische Fortsetzung. Wenn Schwarz mit 11.
..Nd7 seinen Königsflügel verlassen hat, bekommt Weiß dort Angriffschancen.
Trotzdem glaube ich, die Alternative 12.b4 bietet Weiß mehr Hoffnung auf
Eröffnungsvorteil.} (12. b4 a5 13. Bb2 (13. b5 e5 14. Ba3 Bd4 15. Rb1 b6 16. c5
cxb5 17. cxb6 Nxb6 18. Rxb5 Nc4 19. Qc2 Bd7 20. Rd5 Rc8 21. Bc5 Be6 22. Qxc4
Bxd5 23. Qxd5 Bxc5 24. Bh3 O-O 25. Bxc8 {1/2-1/2 Weinzettl,E-Horvath,J/
Fuerstenfeld 1998/EXP 63 (25)}) 13... e5 14. a3 O-O 15. Qd2 axb4 16. axb4 Rb8
17. b5 Re8 18. Qb4 Bd4 19. Bxd4 exd4 20. b6 Qd8 21. c5 Ne5 22. Rad1 d3 23. Nb2
Ra8 24. f4 {1-0 Borge,N-Fogarasi,T/FSGM Aug, Budapest HUN 1998 (68)}) 12... Bd4
13. Be3 $6 $146 {Eine theoretische Neuerung . Es wäre allerdings besser, sie
eine theoretische Verschlechterung zu nennen. Nach diesem Zug bekommt Weiß
zwar die halboffene f-Linie, aber seine Bauernstruktur wird fürchterlich
schwach. Ich kann nicht verstehen, daß ein so guter Spieler wie Efimov (er
spielte am ersten Brett in der italienischen Mannschaft in Elista 1998) einen
so unpositionellen Zug spielt.} (13. Bf4 {[#]} Qa5 (13... e5 $2 14. Qxg7 $16)
14. Rad1 $5 (14. Qd1 e5 15. Bd2 Qc7 16. Qg4 g6 17. Qe2 b5 18. Nc3 O-O 19. Rac1
Qd6 20. Kh1 Nb6 21. b3 bxc4 22. bxc4 Be6 23. Nd1 Qa3 {1/2-1/2 Popovic,
P-Miladinovic,I/Novi Sad (m/4) 1994 (34)}) 14... h5 15. Qg5 Qxg5 16. Bxg5 e5
17. c5 f6 18. Bc1 h4 19. Rfe1 hxg3 20. hxg3 Nf8 21. Nb6 Rb8 22. Rxd4 {1-0
DeFirmian,N-Borge,N/Troll Masters, Gausdal NOR 1999 (22)}) (13. Rd1 h5 14. Qe2
c5 15. Be3 e5 16. Rac1 Qa5 17. Nc3 Nf6 18. Nd5 Bg4 19. Bf3 Nxd5 20. exd5 Bxf3
21. Qxf3 O-O 22. Bxd4 exd4 23. a3 g6 24. b4 {1-0 Van Riemsdijk,H-Marques,V/
Copa Itau Mercosul, Sao Paulo 1997 (32)}) 13... Bxe3 14. fxe3 (14. Qxg7 $5 Qe5
(14... Bxf2+ $2 15. Rxf2 Rf8 16. Qxh7 $16) 15. Qxe5 Nxe5 16. fxe3 Nxc4 $15)
14... O-O $15 {[%csl Ye5] Der schwarze Damenläufer hat zwar
Entwicklungsprobleme, aber die weiße Bauernstruktur ist sehr schwach und
Schwarz kontrolliert die wichtigsten Punkte.} 15. Rac1 b5 (15... Ne5 {[%csl
Ge5]} 16. Qh5 b5 $15) 16. cxb5 (16. Nc3 Ne5 17. Qf4 {[%cal Gf4c7]} bxc4 $15)
16... axb5 {[%cal Ra8a2]} 17. Nc5 (17. Nc3 b4 $17 {[%csl Ra2]}) 17... Nb6 {
[%csl Ra2][%cal Gb6c4,Ra8a2]} (17... Nxc5 18. Rxc5 Rxa2 19. Rfc1 $15) 18. a3
Nc4 {[%csl Gc4][%cal Rc4e3,Re3f1,Re3g4,Rc4b2] Der Springer ist für Weiß sehr
unangenehm.} 19. Qh5 {[%csl Rb2,Gc4,Re3]} e5 {[%cal Gc8h3] Schwarz befreit
seinen Läufer.} (19... Nxe3 20. Rf2 e5 $17) 20. Rf2 Qb6 {Schwarz erlangt mit
einfachen Zügen großen positionellen Vorteil.} 21. b4 Rxa3 $17 {[%csl Re3]
Schwarz hat einen Bauern mehr und der e3-Bauer ist kaum zu halten.} 22. Bh3
Bxh3 23. Qxh3 {[%cal Rc5d7,Rd7b6,Rd7f8]} Qa7 {[%cal Ga7a1] Schwarz
kontrolliert die a-Linie.} 24. Qg4 Ra1 (24... Nxe3 $17) 25. Qd1 $8 (25. Rff1
Rxc1 26. Rxc1 Qa3 $19) (25. Rxa1 Qxa1+ 26. Rf1 Qxf1+ 27. Kxf1 Nxe3+ $19 {
[%cal Re3f1,Re3g4]}) 25... Ra8 26. Rf1 Rxc1 27. Qxc1 Qa3 {[%csl Re3]} 28. Qxa3
Rxa3 29. Rd1 {[%cal Rd1d8,Rd8g8]} g5 {Schwarz befreit seine Grundreihe und
beginnt gleichzeitig, ein Mattnetz zu spinnen.} (29... g6 $17) 30. Rd8+ Kg7 31.
Rd7 Ra1+ $5 (31... Nxe3 $17) 32. Kg2 (32. Kf2 Ra2+ 33. Kg1 Nxe3 $19) 32... Ra2+
33. Kh3 Nxe3 $19 {Der weiße König ist in großer Not.} 34. g4 Nf1 {[%csl Rh3]
[%cal Ra2h2][%mdl 16400] Und Weiß gab auf.} 0-1

[Event "Prerov Friendship GM"]
[Site "Prerov"]
[Date "2001.12.04"]
[Round "1"]
[White "Gross, David"]
[Black "Neverov, Valeriy"]
[Result "0-1"]
[WhiteElo "2469"]
[BlackElo "2569"]
[Annotator "Ribli,Z"]
[PlyCount "130"]
[EventDate "2001.12.04"]
[EventType "tourn"]
[EventRounds "11"]
[EventCountry "CZE"]
[EventCategory "9"]
[SourceTitle "CBM 087"]
[Source "ChessBase"]
[SourceDate "2002.03.21"]
[SourceVersion "1"]
[SourceVersionDate "2002.03.21"]
[SourceQuality "1"]

1. e4 c5 2. Nf3 e6 3. d4 cxd4 4. Nxd4 Nc6 5. Nc3 Qc7 6. f4 a6 7. Nxc6 Qxc6 {
Nach diesem Zug möchte Schwarz mit b7-b5 den Damenflügel entwickeln.} 8. Bd3 b5
9. Qe2 Bb7 10. Bd2 Be7 {Dieser Zug wird zwar nur selten gespielt, kommt aber
stark in Betracht. Auf diese Weise kann Schwarz Varianten mit Springeropfer
auf d5 umgehen.} (10... Bc5) 11. a3 Rc8 12. O-O {Dieser Zug stellt Schwarz
nicht vor Probleme. Meiner Ansicht nach bietet die lange Rochade Weiß bessere
Chancen.} Nf6 13. Rae1 O-O 14. Rf3 {[%cal Gf3h3] Ein ambitionierter Zug - der
weiße Turm drängt darauf, über die dritte Reihe ins Spiel einzugreifen..} (14.
e5 Nd5 (14... Bc5+ 15. Kh1 Nd5 16. Ne4 $14) 15. Nxd5 (15. Ne4 f5 16. exf6 Nxf6
$13) 15... Qxd5 $11) 14... d5 $11 {[%mdl 4] Nach diesem Vorstoß hat Schwarz
keine Probleme.} 15. exd5 (15. e5 Ne4 (15... Nd7 16. Bxh7+ $2 (16. Rh3 $13)
16... Kxh7 17. Rh3+ Kg8 18. Qh5 Bc5+ 19. Be3 f6 $17) 16. Nxe4 dxe4 17. Bxe4
Qxe4 18. Qxe4 Bxe4 19. Rxe4 Rxc2 $17) 15... Bc5+ $5 {Schwarz gibt sich mit
einfachem Ausgleich nach 15...Nxd5 nicht zufrieden.} (15... Nxd5 $11) 16. Be3 (
16. Kh1 exd5 $15) 16... exd5 {Jetzt ist die Diagonale des Bb7 zwar geschlossen,
dennoch verschafft der Textzug dem Nachziehenden aber viele Vorteile: die
e-Linie ist geöffnet, Rfe8 ist möglich, es droht d5-d4 und Schwarz bekommt die
Kontrolle über das Feld e4.} (16... Nxd5 17. Nxd5 Qxd5 $11) 17. Bxc5 Qxc5+ 18.
Qf2 (18. Kh1 $2 Rce8 (18... d4 19. Ne4 Nxe4 20. Bxe4 Rce8 21. Bxh7+ $1 Kh8 (
21... Kxh7 22. Rh3+ $18) 22. Bd3 (22. Rh3 Bxg2+) 22... Rxe2 23. Rh3+ $11) 19.
Qf1 Rxe1 20. Qxe1 d4 $19) 18... d4 $15 (18... Qxf2+ 19. Rxf2 d4 $11) 19. Re5 (
19. b4 Qxc3 (19... Qc7 $15) 20. Bxh7+ Nxh7 21. Rxc3 Rxc3 $17) 19... Qc7 20. Ne4
Bxe4 (20... Nxe4 21. Bxe4 Bxe4 22. Rxe4 Qxc2) 21. Bxe4 Nxe4 (21... Ng4 22. Qh4
Nf6 23. Rh3 $18 (23. Bxh7+ $2 Nxh7 24. Rh3 Qxc2 $19)) 22. Rxe4 Qxc2 23. Qxc2
Rxc2 $17 {[%csl Gc2][%mdl 4096] Schwarz hat einen Bauern mehr, und sein Turm
steht sehr aktiv auf c2.} 24. Rf2 Rc1+ (24... Rxf2 $2 25. Kxf2 Rd8 26. Ke2 $11)
25. Rf1 Rc4 26. Rd1 (26. b3 Rc3 $17) 26... d3 27. Re3 (27. Rxc4 bxc4 $19) 27...
Rxf4 28. Rexd3 h5 {Schwarz hat einen Bauern mehr, aber die Realisierung des
Vorteils ist - wie so oft in Doppelturmendspielen - sehr schwer.} 29. g3 Rf5
30. Rd6 Rc8 31. Rd8+ (31. Rxa6 Rc2 $17 {[%csl Gc2,Rg1][%cal Rc2b2,Rc2h2]})
31... Rxd8 32. Rxd8+ Kh7 33. Ra8 Rf6 {[%csl Gf6,Rg1][%cal Gf6a6,Gf6f1] Der
Turm steht ausgezeichnet auf f6 - er verteidigt den Pa6 und schneidet den
weißen König ab.} 34. Kg2 Kg6 35. Ra7 Kf5 36. Re7 $8 {[%cal Ge7e1] Sonst
gelangt der schwarze König über e4-d3 an den Damenflügel.} (36. Kf2) 36... g5
37. h3 Kg6 38. Ra7 g4 39. hxg4 (39. h4 Re6 $17) 39... hxg4 40. b3 Kf5 {[%cal
Gf5e4]} (40... Rc6 $17) 41. Re7 Kg5 42. Ra7 Kg6 43. a4 (43. Re7 Re6 $17 (43...
Rf3 44. Ra7 Rxb3 45. Rxa6+ Kf5 $17) (43... Rc6 $17)) 43... Rc6 44. a5 (44. axb5
axb5 45. Rb7 Rc2+ (45... Rc5 $17) 46. Kf1 Rc3 $17) 44... f6 45. b4 Kf5 46. Re7
Rc2+ 47. Kf1 Rb2 48. Ra7 Rxb4 49. Rxa6 Ra4 {Dank aktiver Figurenstellung hat
Schwarz sehr gute Gewinnchancen.} 50. Kf2 Ra2+ 51. Ke3 Rg2 {[%csl Rg3]} 52. Rb6
Rxg3+ 53. Kf2 (53. Kd4 Ra3 54. Rxb5+ Kf4 $19) 53... Rb3 54. a6 Kg6 55. Rb8 (55.
a7 Ra3 56. Rxb5 (56. Rb7 f5 $19) 56... Rxa7 $19) 55... Ra3 56. Rb6 (56. Rxb5
Rxa6 $19) 56... Ra5 57. Kg3 Kg5 58. Rb8 Ra3+ 59. Kf2 Rxa6 60. Rxb5+ f5 $19 {
Mit zwei verbundenen Mehrbauern gewinnt es sich leicht.} 61. Rb8 Ra2+ 62. Kf1
f4 63. Rg8+ Kh4 64. Rb8 Kg3 65. Rb1 f3 0-1

[Event "Buenos Aires Sicilian"]
[Site "Buenos Aires"]
[Date "1994.10.24"]
[Round "10"]
[White "Anand, Viswanathan"]
[Black "Ivanchuk, Vassily"]
[Result "1/2-1/2"]
[WhiteElo "2720"]
[BlackElo "2695"]
[Annotator "Ribli,Z"]
[PlyCount "53"]
[EventDate "1994.10.12"]
[EventType "tourn"]
[EventRounds "14"]
[EventCountry "ARG"]
[EventCategory "18"]
[SourceTitle "CBM 044"]
[Source "ChessBase"]
[SourceDate "1995.02.01"]
[SourceVersion "1"]
[SourceVersionDate "1995.02.01"]
[SourceQuality "1"]

1. e4 c5 2. Nf3 e6 3. d4 cxd4 4. Nxd4 Nc6 5. Nc3 Qc7 6. Be2 a6 7. O-O Nf6 8.
Kh1 Nxd4 9. Qxd4 Bc5 10. Qd3 b5 11. f4 Bb7 12. Bf3 h5 $5 (12... O-O 13. e5 Ne8
14. Bxb7 Qxb7 15. a4 b4 16. Ne4 Be7 17. Be3 Qc6 18. Ng5 g6 $1 $13 (18... Bxg5
$2 19. fxg5 Nc7 20. Rf4 $1 $16 {Anand,V-Ribli,Z/Novi Sad ol/1990/INF50,209/}))
13. e5 Ng4 14. Bxb7 Qxb7 15. Ne4 Be7 16. h3 (16. Be3 Rc8 17. Bd4 Nh6 18. c3 Nf5
$13 {Nunn,J-Zichichi,A/Reggio Emilia/1983/INF38,(234)/}) 16... Nh6 17. Be3 Nf5
18. Bf2 (18. Bc5 $2 Qxe4 $1 19. Qxe4 Ng3+ $19) 18... h4 $1 $10 19. c3 O-O 20.
Rad1 Rfc8 21. Qf3 Rab8 22. b3 Rd8 23. Rd3 d6 (23... d5 $5) 24. exd6 (24. Rfd1
d5 $13 (24... Qc7 25. exd6 Nxd6 26. Bxh4 $1 (26. Nxd6 Rxd6 27. Rxd6 Bxd6 28.
Bxh4 Bxf4 $10) 26... Nxe4 27. Bxe7 Rxd3 28. Rxd3 f5 29. Bh4 $14) (24... dxe5 $2
25. Rxd8+ Bxd8 26. Rxd8+ Rxd8 27. Nf6+ gxf6 28. Qxb7 $18)) 24... Nxd6 25. Nxd6
(25. Bxh4 Nxe4 26. Bxe7 Rxd3 27. Qxd3 Nxc3 $1 28. Qxc3 Qxe7 $10) 25... Qxf3 26.
Rxf3 Rxd6 27. Bc5 1/2-1/2

[Event "Hasselbacken"]
[Site "Stockholm"]
[Date "2001.08.02"]
[Round "6"]
[White "Wedberg, Tom Birger"]
[Black "Cramling, Pia"]
[Result "1/2-1/2"]
[WhiteElo "2505"]
[BlackElo "2510"]
[Annotator "Ribli,Z"]
[PlyCount "86"]
[EventDate "2001.07.28"]
[EventType "tourn"]
[EventRounds "9"]
[EventCountry "SWE"]
[EventCategory "9"]
[SourceTitle "CBM 085"]
[Source "ChessBase"]
[SourceDate "2001.11.13"]
[SourceVersion "1"]
[SourceVersionDate "2001.11.13"]
[SourceQuality "1"]

1. e4 c5 2. Nf3 e6 3. d4 cxd4 4. Nxd4 Nc6 5. Nc3 Qc7 6. g3 {Großmeister
Wedberg spielt gern die g3-Variante.} a6 7. Bg2 Nf6 {Jetzt kann Schwarz schon
ruhig 7...Nf6 spielen - der Plan 8.Bf4 bietet nichts für Weiß, weil Ndb5 nicht
geht.} 8. O-O Bc5 {Fruher spielte man lieber 8...Be7, oder 8...d6. Mit der
Partiefortsetzung möchte Schwarz den Nd4 entweder tauschen oder verjagen.} 9.
Nxc6 (9. Nb3) 9... dxc6 10. Na4 {Das ist die Hauptfortsetzung für Weiß, aber
er kann stattdessen mit 10.e5 einen Bauern opfern.} Ba7 (10... Be7) 11. c4 h5 {
Eine neue Variante - früher reagierte man auf die positionelle Drohung mit 12.
c5. Mit der Partiefortsetzung möchte Schwarz nach h5-h4 die h-Linie öffnen -
er hat keine Angst vor 12.c5.} (11... Nd7) (11... b5 $6) 12. c5 (12. Bg5 Nd7)
12... h4 13. Nb6 {Mit dieser Fortsetzung opfert Weß einen Bauern und setzt auf
positionellen Druck auf den schwarzen Feldern.} (13. Be3 e5 (13... hxg3 14.
hxg3 e5 15. f3 Be6 16. Qc2 Nh5 17. Kf2 Qe7 18. Rh1 O-O-O 19. Qc3 Qf6 20. Nb6+
Kb8 21. Nc4 Bxc4 22. Qxc4 g5 23. Bh3 Nf4 {0-1 Bjornsson,S-Miezis,N/Gausdal
1999/CBM 68 ext (40)}) 14. Nb6 Bxb6 15. cxb6 Qe7 16. Rc1 hxg3 17. hxg3 Bg4 18.
f3 Bh3 19. Bc5 Qe6 20. Qd6 Rd8 {1/2-1/2 Wedberg,T-Cramling,P/Orebro 2000/CBM
77 ext (41)}) (13. f4 $5 hxg3 14. hxg3 e5 15. f5 Qe7 16. b4 Bd7 17. Bg5 Qf8 $2
18. Qd2 O-O-O 19. Rad1 Qe7 20. Qd6 $16 {1-0 Navara,D-Lindberg,B/Pardubice CZE
2001/The Week in Chess 351 (33)}) (13. Bg5 hxg3 14. hxg3 Nd7 15. Rc1 f6 16. Be3
e5 17. Rc3 Nf8 18. Rd3 Be6 19. b3 Rd8 20. Rd6 Bb8 21. Rxd8+ Qxd8 22. Qe2 {
1-0 Gonzalez,Y-Bellon Lopez,J/Santa Clara CUB 2001/(57)}) 13... Bxb6 (13... Rb8
14. Nc4 {[%cal Rc1f4,Rf4b8]} (14. Be3 hxg3 15. hxg3 e5 {[%cal Gf6g4,Gg4e3]})
14... hxg3 15. hxg3 e5 16. Nd6+ Ke7 17. b4 $36 {[%csl Ra7]}) 14. cxb6 Qxb6 15.
Bf4 hxg3 16. hxg3 Nd7 (16... O-O $5 17. Qc2 $44 {[%csl Gf4]} (17. Bd6 $6 Rd8 {
[%csl Rd6][%cal Gd8d1]} 18. e5 Ne8 $15) (17. Qe2 $44)) 17. Bd6 {[%csl Gd6]
[%mdl 2048] Der Bd6 dominiert auf dem Brett - der schwarze König steht
schlecht in der Mitte. Weiß hat fühlbaren positionellen Druck für den
geopferten Bauern.} e5 $146 {Auf diese Weise verhindert Schwarz den Zug 18.e5,
wonach der Bd6 noch stärker wäre.} (17... Qxb2 $2 18. e5 f6 19. Qg4 Kf7 20.
Rae1 Nxe5 21. Rxe5 $1 fxe5 22. Be4 Bd7 23. Qg5 $18 {1-0 Arizmendi Martinez,
J-Bellon Lopez,J/Havana CUB 2001/(30)}) 18. Qd2 {[%cal Rd2g5,Rg5e7,Rg5g7]} f6 (
18... c5 $2 19. Rad1 $44) 19. Rac1 $44 {Weiß hat ausreichende Kompensation für
den Bauern - Schwarz hat Schwierigkeiten bei der Entwicklung.} Nf8 {[%cal
Gf8e6,Ge6d4]} 20. Bc5 Qc7 (20... Qd8 $6 21. Qe3 $44 (21. Qxd8+ Kxd8 22. f4 $44)
) 21. Qe3 Be6 (21... Ne6 22. Bb6 (22. Ba3 Nd4 23. Bc5) 22... Qf7 23. f4 $44)
22. Rfd1 Qf7 (22... Bxa2 23. b3 {[%csl Ra2]}) 23. b3 g5 {Ein prophylaktischer
Zug, der gegen f2-f4 gerichtet ist.} (23... Qh5 $5) 24. Ba3 (24. Rd6) 24... Nd7
25. Rd6 a5 $1 {Schwarz bereitet a5-a4 vor, wonach er seine Figuren aktivieren
kann.} 26. Rcd1 {Es ist klar, dass Weiß Kompensation für den Bauern hat, aber
er hat keine konkrete Drohungen. Andererseits ist es nicht leicht für Schwarz
seine Stellung zu verbessern.} a4 (26... O-O 27. Qd2 $44) 27. bxa4 O-O (27...
Rxa4 28. Rb1 $44) 28. R6d2 (28. Rxe6 Qxe6 29. Bxf8 Nxf8 30. Qb3 Qxb3 31. axb3
Kf7 $11) 28... Rfc8 29. f4 $13 {Weiß öffnet die Stellung und droht
gleichzeitig 30.f5.} exf4 (29... gxf4 30. gxf4 Rxa4 $2 31. f5 $18) 30. gxf4
gxf4 31. Qxf4 Ra5 $1 {[%cal Ga5g5][%mdl 256] Ein guter Verteidigungszug -
Schwarz bringt den Turm ins Spiel.} (31... Rxa4 32. Qg3+ Qg7 (32... Kh8 33. Bf3
(33. Qh4+ Kg8 $11 (33... Qh7 34. Qxh7+ Kxh7 35. Rxd7+ Bxd7 36. Rxd7+ Kg6 37.
Bd6 $14)) 33... Rg8 34. Rh2+ Qh7 $19) 33. Qxg7+ Kxg7 34. Rxd7+ Bxd7 35. Rxd7+
Kg6 36. Bd6 $14) 32. Rd3 {[%cal Rd3g3,Rg3g8]} Rg5 33. Rg3 Qg7 (33... Rxg3 34.
Qxg3+ Qg7 $11) 34. Rxg5 Qxg5 (34... fxg5 35. Qd6 $13) 35. Qxg5+ fxg5 36. a5 $11
{Nach unklaren Verwicklungen haben wir eine Stellung, in der Weiß das
Läuferpaar hat, aber seine Bauernstellung schlecht ist.} Ne5 (36... Ra8 37. Bb4
$11) 37. Bb2 Nc4 38. Bc3 Ra8 {[%csl Ra5]} 39. Rb1 Nxa5 (39... Bc8 40. Rd1 $11)
40. Bxa5 Rxa5 41. Rxb7 Bxa2 42. Rc7 (42. e5 Rxe5 43. Bxc6 $11) 42... Rc5 (42...
c5 43. Kf2 $11 {Der schwarze Plusbauer hat keine große Bedeutung - wegen des
reduzierten Materials kann Weiß die Stellung halten.}) 43. e5 Rxe5 (43... Rxe5
44. Rxc6 $11) 1/2-1/2

[Event "Alushta1"]
[Site "Alushta"]
[Date "1994.??.??"]
[Round "4"]
[White "Kuzmin, Gennadi P"]
[Black "Fominyh, Alexander"]
[Result "1/2-1/2"]
[WhiteElo "2505"]
[BlackElo "2515"]
[Annotator "Ribli,Z"]
[PlyCount "88"]
[EventDate "1994.01.??"]
[EventType "tourn"]
[EventRounds "9"]
[EventCountry "UKR"]
[EventCategory "8"]
[SourceTitle "CBM 040"]
[Source "ChessBase"]
[SourceDate "1994.06.01"]
[SourceVersion "1"]
[SourceVersionDate "1994.06.01"]
[SourceQuality "1"]

1. e4 c5 2. Nf3 e6 3. d4 cxd4 4. Nxd4 Nc6 5. Nc3 Qc7 6. g3 a6 7. Bg2 Nf6 8. O-O
Nxd4 9. Qxd4 Bc5 10. Qd3 Ng4 11. Bf4 Ne5 (11... d6 $6 12. Na4 $1 $14 {
Tringov-Honfi,K/Cacak/1971/INF11,305/}) 12. Qe2 b5 (12... d6 $5 $10 {Codina,
J-De la Riva,O/Catalunya/1992/}) 13. Nd5 Qb8 (13... exd5 $2 14. exd5 d6 15.
Bxe5 dxe5 16. d6 $18) 14. Ne3 (14. Qh5 d6 15. b4 Ba7 16. Ne3 Ng6 $13) 14... d6
15. Ng4 Ng6 16. Be3 Qb6 17. c4 (17. Rfd1 $5) 17... Bxe3 18. Nxe3 (18. Qxe3 Qxe3
19. Nxe3 Rb8 20. Rfd1 Ke7 $10) 18... Ne5 19. Rfd1 O-O 20. b3 (20. Rac1 $5)
20... Rd8 21. Rac1 Bb7 22. Qd2 Nc6 23. h3 h6 24. Ng4 e5 25. Ne3 Nd4 26. Nf5
Nxf5 27. exf5 Bxg2 28. Kxg2 bxc4 29. bxc4 Qc6+ 30. Qd5 Rac8 31. g4 Qxd5+ 32.
cxd5 (32. Rxd5 Rc5 $10) 32... Kf8 33. Rc6 Rxc6 34. dxc6 Ke7 35. Rb1 Rc8 36.
Rb7+ Kf6 37. Rb6 a5 38. a4 d5 39. Rb5 d4 40. Rc5 e4 41. Kf1 d3 42. Ke1 Ke7 43.
Re5+ Kf6 44. Rc5 Ke7 1/2-1/2

[Event "ARG-World"]
[Site "Buenos Aires"]
[Date "1994.??.??"]
[Round "6"]
[White "Ricardi, Pablo"]
[Black "Sunye Neto, Jaime"]
[Result "1-0"]
[WhiteElo "2470"]
[BlackElo "2530"]
[Annotator "Ribli,Z"]
[PlyCount "67"]
[EventDate "1994.04.??"]
[EventType "schev"]
[EventRounds "10"]
[EventCountry "ARG"]
[SourceTitle "CBM 042"]
[Source "ChessBase"]
[SourceDate "1994.10.01"]
[SourceVersion "1"]
[SourceVersionDate "1994.10.01"]
[SourceQuality "1"]

1. e4 c5 2. Nf3 e6 3. d4 cxd4 4. Nxd4 a6 5. Be2 Nc6 6. O-O Qc7 7. Kh1 Nf6 8.
Nc3 b5 $6 (8... Bb4 $5) 9. Nxc6 dxc6 10. f4 b4 (10... Bb7 $5 11. e5 Rd8 12. Qe1
Nd5 13. Nxd5 cxd5 14. Bd3 g6 15. a4 $14 {Ye,Jiangchuan-Polgar,J/Biel izt/1993/
CBM37/}) 11. e5 $1 bxc3 12. exf6 gxf6 13. Qd4 $5 (13. Qe1 Bb4 14. bxc3 Be7 15.
Bf3 Rb8 16. Qg3 f5 17. Qg7 Rf8 18. c4 c5 19. Bb2 Bb7 20. Be5 Bd6 21. Bxd6 Qxd6
22. Rad1 Qc7 23. Rfe1 $18 {Velimirovic,D-Damjanovic,M/Sombor/1972/}) 13... Be7
(13... cxb2 $5 14. Bxb2 Be7 15. f5 e5 16. Qc4 Bb7 17. Bh5 $44) 14. Qxc3 Bb7 15.
f5 e5 16. Be3 c5 17. Rad1 h5 18. Bf3 Rg8 19. Qc4 Bxf3 20. Rxf3 Rg4 21. Qe2 Bd6
22. h3 Rg8 23. Bf2 Qc6 24. Bh4 Be7 25. Rfd3 c4 26. Rd7 Qxd7 $2 (26... Rd8 27.
Rxd8+ Bxd8 28. b3 cxb3 29. cxb3 $16) 27. Rxd7 Kxd7 28. Qxc4 Rac8 29. Qxf7 Rgf8
30. Qe6+ Kd8 31. c4 Rc7 32. Bf2 Rd7 33. Bb6+ Ke8 34. c5 1-0